000 00655nab#a2200205#c#4500
999 _c19258
_d19258
003 IEF
005 20191211122557.0
008 950704s1975 uuu|| #####0 b| |u
040 _aIEF
_cES-MaIEF
100 1 _aSchmölders, Günter
_940283
245 _aLa investigación del comportamiento humano en la Hacienda Pública
_c G. Schmölders
260 _aMadrid
_b Instituto de Estudios Fiscales [IEF]
_c1975
650 4 _aSOCIOLOGIA FINANCIERA
_948474
650 4 _aPSICOLOGIA FINANCIERA
_948179
650 4 _aSOCIOLOGIA TRIBUTARIA
_948479
773 0 _tHacienda pública española
_w34570
_g34, p. 17-20
942 _2udc
942 _2udc